000 00271nam a22000977a 4500
008 140120b xxu||||| |||| 00| 0 eng d
010 _a99-056352
020 _a0471317799
_cAvailable
082 _a621.382SIM
_b002582
245 _aDigital Communication Over Fading Channels
_cSimon
999 _c23790
_d23790